5HLuxD.jpg

KING HENRY VIII SENIOR AND PRIMARY SCHOOL LIBRARY OPAC

Lewin's cells / (Record no. 255)

000 -LEADER
fixed length control field 01820cam a22003738a 4500
001 - CONTROL NUMBER
control field .b21297460
003 - CONTROL NUMBER IDENTIFIER
control field OSt
005 - DATE AND TIME OF LATEST TRANSACTION
control field 20190802142559.0
008 - FIXED-LENGTH DATA ELEMENTS--GENERAL INFORMATION
fixed length control field 121218s2013 maua b 001 0 eng
010 ## - LIBRARY OF CONGRESS CONTROL NUMBER
LC control number 2012050452
020 ## - INTERNATIONAL STANDARD BOOK NUMBER
International Standard Book Number 9781284029390
Qualifying information (hbk.)
035 ## - SYSTEM CONTROL NUMBER
System control number (DNLM)101598103
040 ## - CATALOGING SOURCE
Original cataloging agency DNLM/DLC
Transcribing agency DLC
Modifying agency DLC
-- TWFJU
042 ## - AUTHENTICATION CODE
Authentication code nbic
060 10 - NATIONAL LIBRARY OF MEDICINE CALL NUMBER
Classification number QU 300
082 0# - DEWEY DECIMAL CLASSIFICATION NUMBER
Classification number 571.6 LEW
245 00 - TITLE STATEMENT
Title Lewin's cells /
Statement of responsibility, etc. lead editors, George Plopper, David Sharp, Eric Sikorski.
246 30 - VARYING FORM OF TITLE
Title proper/short title Cells.
250 ## - EDITION STATEMENT
Edition statement 3rd ed.
260 ## - PUBLICATION, DISTRIBUTION, ETC.
Place of publication, distribution, etc. Burlington, Mass. :
Name of publisher, distributor, etc. Jones & Bartlett Learning,
Date of publication, distribution, etc. c2013.
300 ## - PHYSICAL DESCRIPTION
Extent xxiii, 1056 p. :
Other physical details ill. (chiefly col.) ;
Dimensions 29 cm.
500 ## - GENERAL NOTE
General note Rev. ed. of: Lewin's cells / lead editors, Lynne Cassimeris, Vishwanath R. Lingappa, George Plopper. 2nd ed. c2011.
504 ## - BIBLIOGRAPHY, ETC. NOTE
Bibliography, etc. note Includes bibliographical references and index.
505 0# - FORMATTED CONTENTS NOTE
Formatted contents note What is a cell? -- Bioenergetics and cellular metabolism -- DNA replication, repair, and recombination -- Gene expression and regulation -- Protein structure and function -- Transport of ions and small molecules across membranes -- Membrane targeting of proteins -- Protein trafficking between membranes -- Nuclear structure and transport -- Chromatin and chromosomes -- Microtubules -- Actin -- Intermediate filaments -- Mitosis -- Cell cycle regulation -- Apoptosis -- Cancer : principles and overview -- Principles of cell signaling -- The extracellular matrix and cell adhesion -- Prokaryotic cell biology -- Plant cell biology.
650 #0 - SUBJECT ADDED ENTRY--TOPICAL TERM
Topical term or geographic name entry element Cells.
650 12 - SUBJECT ADDED ENTRY--TOPICAL TERM
Topical term or geographic name entry element Cells.
650 22 - SUBJECT ADDED ENTRY--TOPICAL TERM
Topical term or geographic name entry element Cell Physiological Phenomena.
650 22 - SUBJECT ADDED ENTRY--TOPICAL TERM
Topical term or geographic name entry element Eukaryotic Cells.
700 1# - ADDED ENTRY--PERSONAL NAME
Personal name Plopper, George.
Relator term Editor
700 1# - ADDED ENTRY--PERSONAL NAME
Personal name Sharp, David,
Dates associated with a name 1968-
Relator term Editor
700 1# - ADDED ENTRY--PERSONAL NAME
Personal name Sikorski, Eric.
Relator term Editor
700 1# - ADDED ENTRY--PERSONAL NAME
Personal name Lewin, Benjamin.
Title of a work Cells.
942 ## - ADDED ENTRY ELEMENTS (KOHA)
Source of classification or shelving scheme
Koha item type Books - Non Ficton
Holdings
Withdrawn status Lost status Source of classification or shelving scheme Damaged status Not for loan Collection code Permanent Location Current Location Shelving location Date acquired Full call number Barcode Date last seen Price effective from Koha item type
          Non-Fiction KH8 Senior School Library KH8 Senior School Library Non Fiction 2019-08-02 571.6 LEW 3KHSL000100239 2019-08-02 2019-08-02 Books - Non Ficton
          Teaching Resources KH8 Senior School Library KH8 Senior School Library Staff Office 2024-11-01 571.6 LEW TRKHSL006121 2024-11-01 2024-11-01 Teaching Resources

Powered By KH8 IT Dept